|
|
|
|
| LEADER |
00000cam a2200000 4500 |
| 001 |
vtls012068991 |
| 003 |
SK-MaSNL |
| 005 |
20260301104150.0 |
| 008 |
210917s2021 xo er 010 0 slo |
| 015 |
|
|
|a SNBA2022/11
|
| 020 |
|
|
|a 9788081599910
|q (viazané)
|
| 040 |
|
|
|a SNK
|b slo
|c SNK
|e rda
|
| 041 |
1 |
|
|a slo
|h ger
|
| 044 |
|
|
|a xo
|c SK
|
| 072 |
|
7 |
|a 61
|x Lekárske vedy. Medicína
|2 konspekt
|
| 072 |
|
7 |
|a 159.9
|x Psychológia
|2 konspekt
|
| 080 |
|
|
|a 159.9-055.1
|2 2011
|
| 080 |
|
|
|a 101-051
|2 2011
|
| 080 |
|
|
|a 613.86
|2 2011
|
| 080 |
|
|
|a (048.8)
|2 2011
|
| 080 |
|
|
|a 159.9
|2 2011
|
| 080 |
|
|
|a 159.923
|2 2011
|
| 080 |
|
|
|a 616-051
|2 2011
|
| 100 |
1 |
|
|a Zweig, Stefan,
|d 1881-1942
|4 aut
|9 105676
|
| 240 |
1 |
4 |
|a Die Heilung durch den Geist
|l Slovensky
|
| 245 |
1 |
0 |
|a Liečba duchom
|c Stefan Zweig ; z nemeckého originálu Die Heilung durch den Geist ... preložila Katarína Széherová
|
| 250 |
|
|
|a Prvé vydanie
|
| 264 |
|
1 |
|a Bratislava
|b Premedia
|c 2021
|
| 300 |
|
|
|a 293 strán
|c 21 cm
|
| 336 |
|
|
|a text
|b txt
|2 rdacontent
|
| 337 |
|
|
|a bez média
|b n
|2 rdamedia
|
| 338 |
|
|
|a zväzok
|b nc
|2 rdacarrier
|
| 500 |
|
|
|a Obsahuje biografické údaje o autorovi
|
| 500 |
|
|
|a Preložené z nemčiny
|
| 600 |
1 |
7 |
|a Freud, Sigmund,
|d 1856-1939
|2 SNKMA
|9 111775
|
| 600 |
1 |
7 |
|a Mesmer, Franz Anton,
|d 1734-1815
|2 SNKMA
|9 442479
|
| 600 |
1 |
7 |
|a Eddy, Mary Baker,
|d 1821-1910
|2 SNKMA
|9 442480
|
| 648 |
|
7 |
|a 18.-19. storočie
|2 SNKPHeng
|9 276687
|
| 648 |
|
7 |
|a 19.-20. storočie
|2 SNKPH
|9 279491
|
| 650 |
0 |
7 |
|a psychológovia
|2 SNKPH
|9 15000
|
| 650 |
0 |
7 |
|a myslitelia
|2 SNKPH
|9 69562
|
| 650 |
0 |
7 |
|a duševné zdravie
|2 SNKPH
|9 2573
|
| 650 |
0 |
7 |
|a lekári
|2 SNKPH
|9 3195
|
| 650 |
0 |
7 |
|a psychológia
|2 SNKPH
|9 807
|
| 650 |
0 |
7 |
|a Psychologists
|2 SNKPHeng
|9 324431
|
| 650 |
0 |
7 |
|a Thinkers
|2 SNKPHeng
|9 329484
|
| 650 |
0 |
7 |
|a Mental health
|2 SNKPHeng
|9 274767
|
| 650 |
0 |
7 |
|a Physicians
|2 SNKPHeng
|9 275778
|
| 650 |
0 |
7 |
|a Psychology
|2 SNKPHeng
|9 265291
|
| 650 |
0 |
7 |
|a psychológia osobnosti
|2 SNKPH
|9 3576
|
| 650 |
0 |
7 |
|a Psychology of personality
|2 SNKPHeng
|9 317296
|
| 655 |
|
7 |
|a štúdie
|2 SNKPH
|9 57033
|
| 655 |
|
7 |
|a Studies
|2 SNKPHeng
|9 265573
|
| 700 |
1 |
|
|a Széherová, Katarína
|4 trl
|9 125729
|
| 919 |
|
|
|a 978-80-8159-991-0
|
| 954 |
|
|
|a odborná, vedecká literatúra cudzojazyčná (svetová)
|2 lita
|
| 958 |
|
|
|a UP
|
| 968 |
|
|
|b DT
|
| 999 |
|
|
|c 697405
|d 699335
|
| 952 |
|
|
|a SNK
|b SNK
|y PREZ
|7 0
|p 17A1493832
|o snkSC 198929
|i snk2022/13722
|8 0
|0 0
|1 0
|4 0
|d 2022-09-09
|f 1
|l 0
|r 2025-10-21 00:00:00
|w 2026-02-23
|
| 952 |
|
|
|a SNK
|b SNK
|y VYP
|7 0
|p 17A1493833
|o snkSC 198929 D1
|i snk2022/13723
|8 0
|0 0
|1 0
|4 0
|d 2022-09-09
|l 0
|r 2026-02-23 20:46:32
|w 2026-02-23
|